| 000 | 00717nab a2200229u 4500 | ||
|---|---|---|---|
| 001 | 15441 | ||
| 003 | HDC | ||
| 007 | c| |||a|c|aaaa | ||
| 008 | 210217b20091216my ||||| |||| 00| 0 may d | ||
| 040 | _aHDC | ||
| 245 | 0 | _a15 PKS guna logo Jenama Malaysia | |
| 336 |
_atext _2rdacontent |
||
| 337 |
_acomputer _2rdamedia |
||
| 338 |
_aonline resource _2rdacarrier |
||
| 650 |
_asmall and medium enterprises (SME) _97657 |
||
| 650 |
_aSME Corp _99986 |
||
| 710 | _aBERITA HARIAN | ||
| 856 | _zRequest full-text at [email protected] | ||
| 942 | _2lcc | ||
| 942 | _cNEWS | ||
| 942 | _kNWSC 003716 | ||
| 999 |
_c12757 _d12757 |
||